Đánh giá thành phần sinh vật phù du ở khu vực khai thác cá ngựa (Hyppocampus spp.) ở đảo Phú Quốc : Luận văn tốt nghiệp cao học ngành nuôi trồng Thủy Sản

Khảo sát biến động thành phần và mật độ thực vật và ĐVPD trong khu vực khai thác cá ngựa ở Phú Quốc nhằm cung cấp dữ liệu làm cơ sở cho việc đánh giá tính đa dạng và nguồn thức ăn tự nhiên liên quan đến nguồn lợi cá ngựa ở vùng b...

Disgrifiad llawn

Wedi'i Gadw mewn:
Manylion Llyfryddiaeth
Prif Awdur: Trần, Thanh Phong
Fformat: Llyfr
Iaith:Undetermined
Cyhoeddwyd: Cần Thơ Trường Đại học Cần Thơ 2012
Pynciau:
Tagiau: Ychwanegu Tag
Dim Tagiau, Byddwch y cyntaf i dagio'r cofnod hwn!
Thư viện lưu trữ: Trung tâm Học liệu Trường Đại học Cần Thơ
LEADER 01360nam a2200241Ia 4500
001 CTU_178463
008 210402s9999 xx 000 0 und d
082 |a 579.59795 
082 |b Ph431 
088 |a 60620301 
100 |a Trần, Thanh Phong 
245 0 |a Đánh giá thành phần sinh vật phù du ở khu vực khai thác cá ngựa (Hyppocampus spp.) ở đảo Phú Quốc : 
245 0 |b Luận văn tốt nghiệp cao học ngành nuôi trồng Thủy Sản 
245 0 |c Trần Thanh Phong ; Vũ Ngọc Út (Hướng dẫn khoa học) 
260 |a Cần Thơ 
260 |b Trường Đại học Cần Thơ 
260 |c 2012 
520 |a Khảo sát biến động thành phần và mật độ thực vật và ĐVPD trong khu vực khai thác cá ngựa ở Phú Quốc nhằm cung cấp dữ liệu làm cơ sở cho việc đánh giá tính đa dạng và nguồn thức ăn tự nhiên liên quan đến nguồn lợi cá ngựa ở vùng biển Phú Quốc. 
650 |a Zooplankton,Microorganisms,Sinh vật phù du 
650 |z Phu Quoc island (Vietnam),Đảo Phú Quốc (Việt Nam) 
904 |i Thái 
910 |a Nguyên 
980 |a Trung tâm Học liệu Trường Đại học Cần Thơ